[Event "13th Asia-ch"]
[Site "Al-Ain UAE"]
[Date "2015.08.07"]
[Round "6"]
[White "Santosh Gujrathi, Vidit"]
[Black "Khusnutdinov, Rustam"]
[Result "1-0"]
[WhiteElo "2644"]
[BlackElo "2510"]
[EventDate "2015.08.02"]
[PlyCount "99"]

1.d4 Nf6 2.c4 g6 3.Nc3 d5 4.Nf3 Bg7 5.Qb3 dxc4 6.Qxc4 O-O 7.e4 Be6 8.Qd3 
c5 9.d5 Bg4 10.Be3 Nbd7 11.Nd2 e6 12.d6 e5 13.Be2 Be6 14.O-O Ne8 15.Rfd1 
Rc8 16.Nc4 Rc6 17.Rd2 Qb8 18.a4 Bxc4 19.Qxc4 Nxd6 20.Qa2 Nf6 21.f3 a6 22.
a5 c4 23.Rad1 Qc7 24.Qa3 Nb5 25.Nxb5 axb5 26.Qb4 Ra6 27.Qxb5 Rxa5 28.Qxc4 
Qxc4 29.Bxc4 Raa8 30.Rd6 Rac8 31.b3 Rc6 32.Rxc6 bxc6 33.Rd6 Rc8 34.Bg5 Nh5
35.Rd7 h6 36.Be3 Ra8 37.g3 Ra1+ 38.Kg2 Ra2+ 39.Kh3 Rc2 40.Bxf7+ Kh7 41.Rd6
Nf6 42.Bb6 Rc3 43.Kg2 Rc2+ 44.Kf1 g5 45.Bd8 Ng8 46.h4 gxh4 47.Bxh4 c5 48.
Bg6+ Kh8 49.Rd8 Rc3 50.Kg2 1-0

[Event "13th Asia-ch"]
[Site "Al-Ain UAE"]
[Date "2015.08.07"]
[Round "6"]
[White "Wang Chen"]
[Black "Zhou Jianchao"]
[Result "0-1"]
[WhiteElo "2524"]
[BlackElo "2600"]
[EventDate "2015.08.02"]
[PlyCount "168"]

1.c4 e6 2.Nf3 Nf6 3.e3 d5 4.Nc3 Be7 5.d4 O-O 6.cxd5 exd5 7.Be2 c6 8.Qc2 
Bg4 9.O-O Nbd7 10.b3 Bd6 11.h3 Bh5 12.Nd2 Bg6 13.Bd3 Re8 14.Bb2 Bxd3 15.
Qxd3 Re6 16.Rfe1 Qe7 17.Nf1 Ne4 18.f3 Nxc3 19.Bxc3 Re8 20.Re2 Nf6 21.Be1 
Nh5 22.Rc2 g6 23.Bf2 f5 24.g3 Qg5 25.f4 Qe7 26.g4 fxg4 27.hxg4 Ng7 28.Bg3 
Re4 29.Rh2 Qe6 30.Qd1 Rxe3 31.Nxe3 Qxe3+ 32.Bf2 Qxf4 33.Rg2 Ne6 34.Qe2 Re7
35.Qe3 Qf7 36.Bg3 Nf4 37.Bxf4 Rxe3 38.Bxe3 Qf3 39.Bf2 Bb4 40.Rf1 Qe4 41.g5
Bc3 42.Rg3 Bxd4 43.Bxd4 Qxd4+ 44.Kg2 Qe5 45.Kf2 d4 46.Re1 Qf5+ 47.Kg1 Qd7 
48.Kf2 c5 49.Re5 b6 50.Rf3 d3 51.Ke1 b5 52.Rfe3 c4 53.Re7 d2+ 54.Kd1 Qg4+ 
55.Kxd2 Qxg5 56.bxc4 bxc4 57.Kc3 Kf8 58.R7e5 Qf6 59.Kxc4 Qa6+ 60.Kc5 Qb6+ 
61.Kd5 Qc7 62.Re6 Kf7 63.Rf3+ Kg7 64.Rfe3 Qa5+ 65.Kd6 h5 66.a3 Kh6 67.Ke7 
Qc7+ 68.Kf8 h4 69.Re7 Qd8+ 70.Kf7 Qd5+ 71.R7e6 Qd7+ 72.Re7 Qf5+ 73.Kg8 g5 
74.R7e6+ Kh5 75.Kg7 Qd5 76.R3e4 Qb7+ 77.Re7 Qb2+ 78.Kh7 Qxa3 79.R7e6 Qf8 
80.Re3 Qf7+ 81.Kh8 a5 82.R3e4 a4 83.Re7 Qf8+ 84.Kh7 a3 0-1

[Event "13th Asia-ch"]
[Site "Al-Ain UAE"]
[Date "2015.08.07"]
[Round "6"]
[White "Salem, A. R. Saleh"]
[Black "Vishnu Prasanna, Vasanthan"]
[Result "1-0"]
[WhiteElo "2595"]
[BlackElo "2502"]
[EventDate "2015.08.02"]
[PlyCount "111"]

1.d4 Nf6 2.c4 e6 3.Nf3 d5 4.Nc3 Bb4 5.cxd5 exd5 6.Bg5 h6 7.Bxf6 Qxf6 8.
Qa4+ Nc6 9.e3 O-O 10.Be2 Be6 11.O-O a6 12.Rfc1 Bd6 13.Qd1 Rad8 14.Na4 Bc8 
15.Nc5 g5 16.Nd2 h5 17.Bxh5 Qh6 18.Nf1 Kg7 19.g3 f5 20.Bf3 Ne7 21.Rc3 c6 
22.Qb3 Bxc5 23.dxc5 Ng6 24.Re1 Rde8 25.Qd1 g4 26.Qd4+ Kg8 27.Be2 Re4 28.
Qd1 Ne5 29.a3 Re8 30.Nd2 Re7 31.h4 gxh3 32.f4 Nd7 33.Nxe4 Rxe4 34.Kh2 Nf6 
35.Rd3 Qh7 36.Bf3 Kf7 37.Qd2 Re7 38.Rd4 Ng4+ 39.Bxg4 fxg4 40.e4 dxe4 41.
Qc2 Bf5 42.Qc4+ Kf8 43.Red1 Be6 44.Qe2 Bf5 45.Rd8+ Kf7 46.R1d6 Be6 47.b4 
Qf5 48.Qe3 Bd5 49.Rh8 Be6 50.Rdd8 Kg6 51.Rdf8 Bf7 52.Rd8 Be6 53.Rhf8 Bf7 
54.Rd6+ Kg7 55.Rb8 Be6 56.Qd4+ 1-0

[Event "13th Asia-ch"]
[Site "Al-Ain UAE"]
[Date "2015.08.07"]
[Round "6"]
[White "Darini, Pouria"]
[Black "Sengupta, Deep"]
[Result "1/2-1/2"]
[WhiteElo "2501"]
[BlackElo "2594"]
[EventDate "2015.08.02"]
[PlyCount "47"]

1.e4 e6 2.d4 d5 3.Nc3 Bb4 4.exd5 exd5 5.Bd3 c6 6.Qf3 Qf6 7.Bf4 Bd6 8.Bxd6 
Qxd6 9.O-O-O Nf6 10.Re1+ Be6 11.g4 h6 12.Nh3 Nbd7 13.Qf4 Qxf4+ 14.Nxf4 Nf8
15.f3 g5 16.Nxe6 Nxe6 17.h4 Kd7 18.Ne2 h5 19.hxg5 Nxg5 20.gxh5 Rxh5 21.
Rxh5 Nxh5 22.Rh1 Nf6 23.Rh6 Ng8 24.Rh5 1/2-1/2

[Event "13th Asia-ch"]
[Site "Al-Ain UAE"]
[Date "2015.08.07"]
[Round "6"]
[White "Zhang Zhong"]
[Black "Nguyen Djuc Hoa"]
[Result "1-0"]
[WhiteElo "2628"]
[BlackElo "2500"]
[EventDate "2015.08.02"]
[PlyCount "85"]

1.e4 c5 2.Nf3 e6 3.Nc3 Nc6 4.d4 cxd4 5.Nxd4 Qc7 6.Be3 a6 7.Qd2 Nf6 8.O-O-O
b5 9.f3 Be7 10.g4 Nxd4 11.Bxd4 Bb7 12.Kb1 O-O 13.g5 Nh5 14.Ne2 e5 15.Bc3 
Rac8 16.a3 d5 17.Bh3 b4 18.Bxb4 Bxb4 19.axb4 Rcd8 20.exd5 Bxd5 21.Qe3 Nf4 
22.Nxf4 exf4 23.Qc3 Qxc3 24.bxc3 Bxf3 25.Rxd8 Bxh1 26.Rd4 Re8 27.Rxf4 Re5 
28.Bf1 Rxg5 29.Bxa6 Rg1+ 30.Kb2 g5 31.Rf2 Re1 32.c4 Re7 33.c5 Be4 34.Bd3 
Kf8 35.Re2 Bxd3 36.Rxe7 Kxe7 37.cxd3 f5 38.Kc3 f4 39.Kd4 g4 40.Ke4 f3 41.
Ke3 h5 42.b5 h4 43.h3 1-0

[Event "13th Asia-ch"]
[Site "Al-Ain UAE"]
[Date "2015.08.07"]
[Round "6"]
[White "Narayanan, Sunilduth Lyna"]
[Black "Nguyen Ngoc Truong Son"]
[Result "0-1"]
[WhiteElo "2481"]
[BlackElo "2662"]
[EventDate "2015.08.02"]
[PlyCount "74"]

1.d4 d5 2.c4 c6 3.Nc3 Nf6 4.e3 e6 5.Nf3 Nbd7 6.Qc2 Bd6 7.Bd3 O-O 8.O-O 
dxc4 9.Bxc4 a6 10.e4 e5 11.h3 Qe7 12.Be3 b5 13.Be2 Re8 14.Rad1 c5 15.dxe5 
Nxe5 16.Nxe5 Bxe5 17.Bf3 Bb7 18.Nd5 Bxd5 19.exd5 Rac8 20.Rfe1 Qd6 21.g3 c4
22.Bd4 Bxd4 23.Rxe8+ Nxe8 24.Rxd4 Qc5 25.Rd1 Nd6 26.a3 a5 27.Bg4 Re8 28.
Qd2 b4 29.axb4 axb4 30.Kf1 c3 31.bxc3 bxc3 32.Qc2 Rb8 33.Be2 Rb2 34.Qd3 f5
35.f3 Nc4 36.Rc1 Ne3+ 37.Ke1 Ng4 0-1

[Event "13th Asia-ch"]
[Site "Al-Ain UAE"]
[Date "2015.08.07"]
[Round "6"]
[White "Gundavaa, Bayarsaihan"]
[Black "Sasikiran, Krishnan"]
[Result "0-1"]
[WhiteElo "2492"]
[BlackElo "2640"]
[EventDate "2015.08.02"]
[PlyCount "96"]

1.e4 e5 2.Nf3 Nc6 3.Bb5 a6 4.Ba4 Nf6 5.O-O Be7 6.d3 d6 7.c3 O-O 8.Nbd2 b5 
9.Bc2 Nb8 10.d4 Nbd7 11.Re1 Bb7 12.Nf1 Re8 13.Ng3 Bf8 14.a4 g6 15.Bd3 c6 
16.Bg5 Bg7 17.Qc2 Nf8 18.Rad1 Ne6 19.Bc1 Qc7 20.b3 Nd7 21.Bf1 bxa4 22.bxa4
d5 23.Ba3 Rad8 24.Qb3 Rb8 25.Qa2 a5 26.dxe5 Nxe5 27.Nd4 Rbd8 28.exd5 cxd5 
29.Nb5 Qb8 30.Rb1 Nf4 31.Re3 Rd7 32.Ne2 Bh6 33.Bd6 Rxd6 34.Nxd6 Qxd6 35.
Rxb7 Nfd3 36.Rh3 Ng4 37.Rb5 Ndxf2 38.Rxh6 Qf6 39.Rb1 Qg5 40.Rh3 Nxh3+ 41.
gxh3 Qe3+ 42.Kh1 Qf3+ 43.Bg2 Nf2+ 44.Kg1 Nxh3+ 45.Kh1 Rxe2 46.Bxf3 Rxa2 
47.Bxd5 Rxa4 48.Bb3 Ra3 0-1

[Event "13th Asia-ch"]
[Site "Al-Ain UAE"]
[Date "2015.08.07"]
[Round "6"]
[White "Humpy, Koneru"]
[Black "Al-Rakib, Abdullah"]
[Result "1-0"]
[WhiteElo "2585"]
[BlackElo "2473"]
[EventDate "2015.08.02"]
[PlyCount "71"]

1.d4 Nf6 2.c4 e6 3.Nc3 Bb4 4.e3 O-O 5.Ne2 d5 6.a3 Be7 7.cxd5 exd5 8.Nf4 c6
9.Bd3 a5 10.O-O Na6 11.f3 Nc7 12.Bc2 c5 13.Na4 Na6 14.dxc5 Nxc5 15.Nc3 Be6
16.Rf2 Bd6 17.Rd2 Qb8 18.Kh1 Bxf4 19.exf4 Qxf4 20.Rxd5 Qc7 21.Rd4 Rfd8 22.
Be3 Rxd4 23.Bxd4 Nfd7 24.Rc1 Rc8 25.Na4 b6 26.b4 axb4 27.axb4 Nxa4 28.
Bxh7+ Kxh7 29.Rxc7 Rxc7 30.Qxa4 Rc1+ 31.Bg1 Ne5 32.Qa3 Rd1 33.Qc3 Ng6 34.
Qc2 Ra1 35.h4 Kg8 36.Qe4 1-0

[Event "13th Asia-ch"]
[Site "Al-Ain UAE"]
[Date "2015.08.07"]
[Round "6"]
[White "Tabatabaei, Mohammadamin"]
[Black "Sandipan, Chanda"]
[Result "1-0"]
[WhiteElo "2458"]
[BlackElo "2585"]
[EventDate "2015.08.02"]
[PlyCount "126"]

1.e4 e5 2.Nf3 Nc6 3.Bb5 g6 4.d4 exd4 5.Bg5 Be7 6.Bxe7 Qxe7 7.Bxc6 dxc6 8.
Qxd4 Nf6 9.Nc3 Bg4 10.Nd2 c5 11.Qe3 O-O-O 12.f3 Be6 13.O-O-O Rhe8 14.Rhe1 
Nd7 15.f4 Nb6 16.Qf2 Bg4 17.Nf3 Bxf3 18.Qxf3 Rd4 19.a3 Qf6 20.Nb5 Rxd1+ 
21.Rxd1 Qe6 22.Nc3 f6 23.Rd3 Qe7 24.g4 a6 25.h4 f5 26.gxf5 gxf5 27.Qh3 Rf8
28.e5 Qe6 29.Qg2 Rg8 30.Rg3 Rd8 31.Qh3 Kb8 32.Rg5 Qc4 33.Rxf5 Qd4 34.Qg3 
Na4 35.Kb1 Nxc3+ 36.Qxc3 Qe4 37.Rf6 c4 38.Ka2 Rd1 39.Qa5 Rd8 40.Qc3 b6 41.
f5 Rg8 42.e6 Rg2 43.Rf8+ Ka7 44.Rf7 Kb7 45.e7 a5 46.Rf8 Qxe7 47.Qf3+ c6 
48.Qxg2 Qxf8 49.Qg5 h6 50.Qg6 c3 51.f6 Qd6 52.Qf5 cxb2 53.f7 Qf8 54.Kxb2 
Kc7 55.h5 Kd6 56.Qf6+ Kd7 57.Kb1 b5 58.Ka2 c5 59.Kb1 c4 60.Ka2 c3 61.Kb3 
a4+ 62.Ka2 b4 63.Qd4+ Ke6 1-0

[Event "13th Asia-ch"]
[Site "Al-Ain UAE"]
[Date "2015.08.07"]
[Round "6"]
[White "Lalith Babu, Musunuri Rohit"]
[Black "Xu Yinglun"]
[Result "1/2-1/2"]
[WhiteElo "2570"]
[BlackElo "2463"]
[EventDate "2015.08.02"]
[PlyCount "95"]

1.d4 d5 2.c4 e6 3.Nc3 Nf6 4.cxd5 exd5 5.Bg5 c6 6.e3 Be7 7.Bd3 Nbd7 8.Nge2 
O-O 9.Qc2 Re8 10.O-O h6 11.Bh4 Ne4 12.Bxe7 Qxe7 13.Rae1 Ndf6 14.Ng3 Nxg3 
15.hxg3 Qd6 16.Ne2 Bd7 17.Qc5 Qf8 18.Bb1 Bg4 19.Qxf8+ Kxf8 20.Nc1 Nd7 21.
f3 Be6 22.g4 f6 23.Kf2 Bf7 24.Ne2 Nb6 25.Nf4 Nc4 26.Re2 a5 27.Bd3 g5 28.
Nh5 Bxh5 29.gxh5 Nd6 30.g4 Re7 31.Bg6 Rc8 32.Rd1 Nb5 33.a4 Nc7 34.Bd3 Ra8 
35.Rc1 Ke8 36.Bf5 Ne6 37.Bxe6 Rxe6 38.e4 Rd8 39.Ke3 Kd7 40.Rc5 b6 41.Rc1 
Rd6 42.Rec2 Rc8 43.Kd3 Rc7 44.Rc3 Rc8 45.Rb3 Rb8 46.Rbc3 Rc8 47.Rb3 Rb8 
48.Rbc3 1/2-1/2

[Event "13th Asia-ch"]
[Site "Al-Ain UAE"]
[Date "2015.08.07"]
[Round "6"]
[White "Utegaliev, Azamat"]
[Black "Idani, Pouya"]
[Result "1/2-1/2"]
[WhiteElo "2469"]
[BlackElo "2568"]
[EventDate "2015.08.02"]
[PlyCount "78"]

1.e4 c5 2.Nf3 d6 3.d4 cxd4 4.Nxd4 Nf6 5.Nc3 a6 6.g3 e5 7.Nde2 b5 8.Bg2 Bb7
9.O-O Nbd7 10.h3 b4 11.Nd5 Nxd5 12.exd5 Be7 13.Be3 Bg5 14.Bxg5 Qxg5 15.Qe1
a5 16.a3 b3 17.cxb3 O-O 18.Qc1 Qd8 19.Qe3 Ba6 20.Rfc1 Qb8 21.Rc3 Bxe2 22.
Qxe2 Nc5 23.Qc2 Ra7 24.Re1 Rb7 25.Ree3 f5 26.f4 exf4 27.gxf4 g6 28.Rxc5 
dxc5 29.d6 Rd7 30.Bd5+ Kg7 31.Re7+ Rxe7 32.dxe7 Re8 33.Qc3+ Kh6 34.Qf6 c4 
35.Kg2 Qxf4 36.Qf8+ Kg5 37.Qxe8 Qd2+ 38.Kg1 Qe1+ 39.Kg2 Qd2+ 1/2-1/2

[Event "13th Asia-ch"]
[Site "Al-Ain UAE"]
[Date "2015.08.07"]
[Round "6"]
[White "Vakhidov, Jahongir"]
[Black "Hossain, Enamul"]
[Result "1-0"]
[WhiteElo "2525"]
[BlackElo "2436"]
[EventDate "2015.08.02"]
[PlyCount "77"]

1.Nf3 Nf6 2.g3 b6 3.Bg2 Bb7 4.O-O e6 5.c4 Be7 6.b3 O-O 7.Bb2 d5 8.e3 c5 9.
Nc3 Nc6 10.cxd5 Nxd5 11.Nxd5 Qxd5 12.d4 Qd8 13.dxc5 Bxc5 14.Ne5 Nxe5 15.
Bxb7 Rb8 16.Be4 Nd7 17.b4 Be7 18.Qa4 Bf6 19.Rad1 Bxb2 20.Rxd7 Qc8 21.Qxa7 
Be5 22.b5 Qc5 23.a4 g6 24.Bc6 Qb4 25.Rfd1 Qb3 26.Kg2 Qa2 27.Re7 Qc2 28.
Rdd7 Qf5 29.a5 h5 30.h3 bxa5 31.e4 Qg5 32.Rxf7 Rxf7 33.Rxf7 h4 34.Rh7 Rf8 
35.Rxh4 Rf7 36.Qc5 Qd2 37.Be8 Rf6 38.Bxg6 Bd4 39.Qc8+ 1-0

[Event "13th Asia-ch"]
[Site "Al-Ain UAE"]
[Date "2015.08.07"]
[Round "6"]
[White "Kostenko, Petr"]
[Black "Harika, Dronavalli"]
[Result "0-1"]
[WhiteElo "2431"]
[BlackElo "2509"]
[EventDate "2015.08.02"]
[PlyCount "64"]

1.e4 e6 2.d4 d5 3.Nc3 Bb4 4.e5 c5 5.a3 Bxc3+ 6.bxc3 Qc7 7.Qg4 Ne7 8.Bd3 
cxd4 9.Ne2 dxc3 10.Qxg7 Rg8 11.Qxh7 Qxe5 12.h4 Nd7 13.Bf4 Qf6 14.Bg5 Qh8 
15.Qxh8 Rxh8 16.Nxc3 a6 17.O-O-O f6 18.Be3 b5 19.a4 b4 20.Na2 a5 21.g4 Ne5
22.Be2 Ba6 23.Bxa6 Rxa6 24.g5 Nf5 25.gxf6 Kf7 26.Bg5 Rc6 27.Kb1 Rhc8 28.h5
Rxc2 29.Rc1 b3 30.Rxc2 Rxc2 31.Nc1 Nc4 32.Nd3 Na3+ 0-1

[Event "13th Asia-ch"]
[Site "Al-Ain UAE"]
[Date "2015.08.07"]
[Round "6"]
[White "Nguyen Huynh Minh Huy"]
[Black "Lou Yiping"]
[Result "1/2-1/2"]
[WhiteElo "2496"]
[BlackElo "2454"]
[EventDate "2015.08.02"]
[PlyCount "51"]

1.d4 Nf6 2.c4 g6 3.Nc3 d5 4.cxd5 Nxd5 5.e4 Nxc3 6.bxc3 Bg7 7.Nf3 c5 8.Rb1 
O-O 9.Be2 cxd4 10.cxd4 Qa5+ 11.Bd2 Qxa2 12.O-O Bg4 13.Rxb7 Bxf3 14.Bxf3 
Bxd4 15.Bg5 Rd8 16.Qc1 Na6 17.Bxe7 Rac8 18.Qb1 Qxb1 19.Rfxb1 Re8 20.Bd1 
Nc5 21.Bxc5 Bxc5 22.Bb3 Re7 23.Bd5 Rcc7 24.Kf1 Rxb7 25.Rxb7 Rxb7 26.Bxb7 
1/2-1/2

[Event "13th Asia-ch"]
[Site "Al-Ain UAE"]
[Date "2015.08.07"]
[Round "6"]
[White "Dzhumaev, Marat"]
[Black "Karthikeyan, Pandian"]
[Result "1/2-1/2"]
[WhiteElo "2493"]
[BlackElo "2426"]
[EventDate "2015.08.02"]
[PlyCount "69"]

1.e4 e5 2.Nf3 Nc6 3.Nc3 Nf6 4.g3 d5 5.exd5 Nxd5 6.Bg2 Nde7 7.O-O Nf5 8.d3 
Be7 9.Nd2 Be6 10.Nc4 f6 11.f4 exf4 12.Bxf4 Nfd4 13.Nb5 Rc8 14.c3 Nxb5 15.
Qh5+ Bf7 16.Qxb5 O-O 17.Rad1 Rb8 18.Rfe1 a6 19.Qf5 g6 20.Qg4 Re8 21.b3 h5 
22.Qf3 Qd7 23.d4 Rbd8 24.d5 Bc5+ 25.Be3 Rxe3 26.Rxe3 b5 27.Re1 bxc4 28.
dxc6 Qd2 29.Kf1 Bxe3 30.Qxe3 Qxe3 31.Rxe3 Rd1+ 32.Kf2 Rd2+ 33.Kg1 Rd1+ 34.
Kf2 Rd2+ 35.Kg1 1/2-1/2

[Event "13th Asia-ch"]
[Site "Al-Ain UAE"]
[Date "2015.08.07"]
[Round "6"]
[White "Ahmed, Abdul Sattar Wahab"]
[Black "Kunte, Abhijit"]
[Result "0-1"]
[WhiteElo "2297"]
[BlackElo "2493"]
[EventDate "2015.08.02"]
[PlyCount "88"]

1.e4 e5 2.Nf3 Nc6 3.c3 d5 4.Qa4 dxe4 5.Nxe5 Qd5 6.Nxc6 bxc6 7.Bc4 Qd6 8.
O-O Nf6 9.d3 exd3 10.Bf4 Qd7 11.Bxd3 Bd6 12.Bf5 Qxf5 13.Bxd6 Qb5 14.Qxb5 
cxb5 15.Bxc7 O-O 16.a4 Bd7 17.axb5 Bxb5 18.Re1 Rfc8 19.Be5 Nd5 20.Na3 Ba4 
21.Re4 Bc6 22.Rg4 f6 23.Bd4 h5 24.Rg3 Nf4 25.Re1 Re8 26.Rxe8+ Rxe8 27.Re3 
Rb8 28.b4 a5 29.Bc5 axb4 30.cxb4 Rd8 31.h4 Nxg2 32.Re6 Rd1+ 33.Kh2 Bd5 34.
Re8+ Kh7 35.Kg3 Rd3+ 36.Kh2 Rxa3 37.b5 Rb3 38.Rd8 Be4 39.Rd4 Bb7 40.b6 Ne1
41.Rd7 Be4 42.Re7 Nf3+ 43.Kg3 Ne5+ 44.Kh2 Ng4+ 0-1

[Event "13th Asia-ch"]
[Site "Al-Ain UAE"]
[Date "2015.08.07"]
[Round "6"]
[White "Ghaem Maghami, Ehsan"]
[Black "Maghsoodloo, Parham"]
[Result "1/2-1/2"]
[WhiteElo "2609"]
[BlackElo "2416"]
[EventDate "2015.08.02"]
[PlyCount "72"]

1.e4 e5 2.Nf3 Nc6 3.Nc3 Nf6 4.Bb5 Bc5 5.O-O O-O 6.d3 Nd4 7.Nxe5 d6 8.Nf3 
Bg4 9.Be3 c6 10.Ba4 b5 11.Bb3 a5 12.a3 a4 13.Ba2 Bxf3 14.gxf3 Nh5 15.Kh1 
Qh4 16.Nb1 Nf4 17.Rg1 h5 18.Rg3 Qf6 19.Bxf4 Qxf4 20.c3 h4 21.cxd4 hxg3 22.
fxg3 Qf6 23.e5 dxe5 24.dxc5 e4 25.Nc3 exf3 26.Qd2 Rad8 27.Rf1 Rfe8 28.Bb1 
g5 29.h3 Kg7 30.Qf2 g4 31.h4 Qh6 32.Ne4 Re5 33.d4 Re6 34.Bd3 Rd5 35.Re1 
Kf8 36.Kh2 Qg7 1/2-1/2

[Event "13th Asia-ch"]
[Site "Al-Ain UAE"]
[Date "2015.08.07"]
[Round "6"]
[White "Gopal, Geetha Narayanan"]
[Black "Liu Chang"]
[Result "1/2-1/2"]
[WhiteElo "2562"]
[BlackElo "2353"]
[EventDate "2015.08.02"]
[PlyCount "88"]

1.e4 c6 2.d4 d5 3.e5 Bf5 4.Nf3 e6 5.Be2 Nd7 6.O-O Ne7 7.Nbd2 h6 8.Nb3 Qc7 
9.a4 g5 10.a5 O-O-O 11.Ne1 Bg7 12.Nd3 Bxd3 13.Bxd3 c5 14.Nxc5 Nxc5 15.dxc5
a6 16.Rb1 Bxe5 17.Qh5 Nc6 18.g3 Nxa5 19.b4 Nc6 20.Bd2 Qe7 21.b5 axb5 22.
Bxb5 Bc7 23.Ba4 Ne5 24.Rb5 g4 25.Kg2 Qf6 26.Bf4 Ng6 27.Bxc7 Qf3+ 28.Kg1 
Kxc7 29.Rfb1 Rb8 30.h3 Qe4 31.R5b4 d4 32.Qxg4 Qxg4 33.hxg4 Rhd8 34.Kg2 Ne5
35.Rd1 d3 36.Re4 dxc2 37.Rc1 Nd3 38.Rxc2 Rd5 39.Re3 Rbd8 40.Bb3 Re5 41.
Rxe5 Nxe5 42.Kh3 Rg8 43.f4 Nxg4 44.Re2 Nf6 1/2-1/2

[Event "13th Asia-ch"]
[Site "Al-Ain UAE"]
[Date "2015.08.07"]
[Round "6"]
[White "Tologontegin, Semetey"]
[Black "Rahman, Ziaur"]
[Result "0-1"]
[WhiteElo "2390"]
[BlackElo "2509"]
[EventDate "2015.08.02"]
[PlyCount "74"]

1.e4 c5 2.Nf3 e6 3.d4 cxd4 4.Nxd4 Nc6 5.Nc3 Qc7 6.f4 a6 7.Nxc6 Qxc6 8.Bd3 
b5 9.Qe2 Bb7 10.Bd2 Be7 11.a3 Rc8 12.O-O-O Nf6 13.Rhe1 O-O 14.g4 d6 15.g5 
Nd7 16.Qh5 g6 17.Qh6 Rfe8 18.Re3 Bf8 19.Qh4 Nc5 20.Rh3 Nxd3+ 21.cxd3 h5 
22.gxh6 Be7 23.h7+ Kh8 24.Qg3 d5 25.Be3 Bf6 26.e5 Bg7 27.Kb1 a5 28.Rc1 b4 
29.Ne4 dxe4 30.Rxc6 Rxc6 31.Qe1 bxa3 32.dxe4 Rc4 33.Bd2 Bxe4+ 34.Ka1 axb2+
35.Kxb2 Rb8+ 36.Rb3 Rc2+ 37.Ka3 Bf8+ 0-1

[Event "13th Asia-ch"]
[Site "Al-Ain UAE"]
[Date "2015.08.07"]
[Round "6"]
[White "Li Di"]
[Black "Das, Debashis"]
[Result "0-1"]
[WhiteElo "2384"]
[BlackElo "2489"]
[EventDate "2015.08.02"]
[PlyCount "88"]

1.c4 e6 2.g3 Nf6 3.Bg2 d5 4.Nf3 dxc4 5.Qa4+ Nbd7 6.Qxc4 Bd6 7.O-O O-O 8.
Qc2 e5 9.Nc3 c6 10.d3 Re8 11.h3 h6 12.Be3 Nb6 13.Rad1 Qe7 14.Bc1 Nbd5 15.
e4 Nb4 16.Qe2 c5 17.Nh4 Nc6 18.f4 Nd4 19.Qf2 Bd7 20.f5 b5 21.g4 b4 22.Ne2 
Nxg4 23.hxg4 Nxe2+ 24.Qxe2 Qxh4 25.g5 hxg5 26.Bf3 Qg3+ 27.Kh1 Qh3+ 28.Kg1 
c4 29.Be3 cxd3 30.Qxd3 Qg3+ 31.Kh1 g4 32.Qxd6 gxf3 33.Rf2 Qh4+ 34.Rh2 Qxe4
35.Bf2 Bxf5 36.Re1 Rad8 37.Qc5 Qc2 38.Qxb4 Rd1 39.Qh4 Bh7 40.Bg1 Rd2 41.
Bf2 Rd1 42.Bg1 f2 43.Bxf2 Re6 44.Bxa7 Rxe1+ 0-1

[Event "13th Asia-ch"]
[Site "Al-Ain UAE"]
[Date "2015.08.07"]
[Round "6"]
[White "Batchuluun, Cegmed"]
[Black "Saiyn, Zhanat"]
[Result "1/2-1/2"]
[WhiteElo "2485"]
[BlackElo "2404"]
[EventDate "2015.08.02"]
[PlyCount "60"]

1.d4 Nf6 2.c4 e6 3.Nc3 Bb4 4.Bd2 d5 5.e3 O-O 6.Nf3 c5 7.a3 Bxc3 8.Bxc3 Ne4
9.Rc1 Nxc3 10.Rxc3 cxd4 11.Qxd4 Nc6 12.Qd2 dxc4 13.Bxc4 Qe7 14.O-O Rd8 15.
Qc2 Bd7 16.Rc1 h6 17.b4 a6 18.Bd3 Na7 19.Ne5 Rdc8 20.Be4 Rxc3 21.Qxc3 Rc8 
22.Qd2 Rxc1+ 23.Qxc1 Qd6 24.f4 Bc6 25.Nxc6 Nxc6 26.Kf2 Qd7 27.Bxc6 bxc6 
28.Qe1 Qa7 29.a4 g5 30.fxg5 hxg5 1/2-1/2

[Event "13th Asia-ch"]
[Site "Al-Ain UAE"]
[Date "2015.08.07"]
[Round "6"]
[White "Yuan Qingyu"]
[Black "Pascua, Haridas"]
[Result "1-0"]
[WhiteElo "2359"]
[BlackElo "2447"]
[EventDate "2015.08.02"]
[PlyCount "145"]

1.c4 Nf6 2.Nc3 d5 3.cxd5 Nxd5 4.g3 g6 5.Bg2 Nxc3 6.bxc3 Bg7 7.Rb1 Nd7 8.
Nf3 O-O 9.O-O c5 10.c4 e5 11.d3 Rb8 12.Ng5 b6 13.Ne4 Bb7 14.Nc3 Bxg2 15.
Kxg2 f5 16.e4 f4 17.f3 h5 18.Qa4 Nf6 19.Nd5 Rf7 20.Bb2 Nxd5 21.exd5 Qg5 
22.Qc2 Rbf8 23.Qe2 Rf5 24.Rbe1 Kh7 25.Bc1 R5f7 26.Rf2 b5 27.Kh1 b4 28.Rg2 
Qd8 29.g4 h4 30.Qc2 Qd6 31.Rge2 Re7 32.Re4 Bf6 33.Bb2 Rfe8 34.R1e2 Kg7 35.
Rg2 g5 36.Rge2 Qd7 37.Qd1 a5 38.Qe1 Qd6 39.Qd1 Qd7 40.Qa1 Qd6 41.a3 Kf7 
42.axb4 axb4 43.Kg2 Qc7 44.Bc1 Rb8 45.Ra2 Rb7 46.Bb2 Qb8 47.Ra8 Qc7 48.Ra6
Rb6 49.Ra5 Rb7 50.Ra6 Rb6 51.Ra5 Rb7 52.Kf1 Qd7 53.Ke1 Ra7 54.Ra2 Rxa2 55.
Qxa2 Qa7 56.Qb3 h3 57.Kd2 Ke8 58.Re1 Qa8 59.Kc2 Kd8 60.Ra1 Ra7 61.Rxa7 
Qxa7 62.Kb1 Kd7 63.Qc2 Kd6 64.Kc1 Qd7 65.Qf2 Qa7 66.Kc2 Bh8 67.Kb3 Bf6 68.
Qf1 e4 69.Bxf6 Qa3+ 70.Kc2 Qa2+ 71.Bb2 Qa4+ 72.Kc1 e3 73.Qe2 1-0

[Event "13th Asia-ch"]
[Site "Al-Ain UAE"]
[Date "2015.08.07"]
[Round "6"]
[White "Wang Yiye"]
[Black "Said, Ishaq"]
[Result "1-0"]
[WhiteElo "2439"]
[BlackElo "2252"]
[EventDate "2015.08.02"]
[PlyCount "55"]

1.e4 c5 2.Nf3 d6 3.Nc3 Nc6 4.d4 cxd4 5.Nxd4 Nf6 6.Bg5 e6 7.Qd2 a6 8.f4 Bd7
9.Nf3 Qa5 10.O-O-O Rc8 11.Kb1 b5 12.e5 b4 13.exf6 bxc3 14.fxg7 Rb8 15.b3 
Nb4 16.gxf8=Q+ Rxf8 17.Qxc3 Qxa2+ 18.Kc1 f6 19.Rxd6 fxg5 20.Bc4 Nd5 21.
Rxd5 Qa3+ 22.Kb1 exd5 23.Qe5+ Qe7 24.Qxb8+ Kf7 25.Bxd5+ Kg6 26.Qe5 Re8 27.
Be4+ Kh5 28.h4 1-0

[Event "13th Asia-ch"]
[Site "Al-Ain UAE"]
[Date "2015.08.07"]
[Round "6"]
[White "Sharavdorj, Dashzeveg"]
[Black "Bayarmandakh, Balgan"]
[Result "1-0"]
[WhiteElo "2423"]
[BlackElo "2225"]
[EventDate "2015.08.02"]
[PlyCount "147"]

1.d4 d5 2.c4 e6 3.Nf3 Be7 4.g3 Nf6 5.Bg2 O-O 6.O-O c6 7.Qc2 Ne4 8.Nbd2 f5 
9.Ne5 Nd7 10.Nd3 Bf6 11.Nf3 Re8 12.Bf4 Nf8 13.Be5 Be7 14.b3 Ng6 15.e3 a5 
16.Nf4 Bd7 17.Nxg6 hxg6 18.Ne1 a4 19.Nd3 Qa5 20.b4 Qd8 21.Nc5 Bc8 22.Nxe4 
dxe4 23.Rab1 a3 24.c5 Bf6 25.Rfd1 b5 26.f3 exf3 27.Bxf3 Bb7 28.Rb3 Qd7 29.
Qc3 Ra4 30.Rxa3 Rea8 31.Rxa4 Rxa4 32.Rd2 Kf7 33.Bd1 Ra8 34.Bb3 Rh8 35.e4 
Rd8 36.Bd6 Be7 37.Bxe7 Qxe7 38.exf5 gxf5 39.Re2 Bc8 40.Qf3 Qf6 41.Re5 Ke7 
42.Qxc6 Rxd4 43.Qc7+ Rd7 44.Qb8 Rd8 45.c6 Qg5 46.Re1 Qd2 47.Qa7+ Ke8 48.
Qf2 Qxf2+ 49.Kxf2 Rd6 50.Re5 Rxc6 51.Rxb5 Ke7 52.Ke3 Rd6 53.Rc5 Rd8 54.b5 
Bd7 55.a4 Rb8 56.Rc7 Kd6 57.Ra7 g5 58.Ra6+ Ke5 59.Ra7 Kd6 60.Bc2 Rh8 61.
Bd3 Rxh2 62.Ra8 Rb2 63.Kd4 Ra2 64.Ra6+ Kc7 65.Kc5 Bc8 66.Ra7+ Kb8 67.b6 e5
68.Bb5 Rc2+ 69.Kd6 Bb7 70.a5 Rb2 71.a6 Rd2+ 72.Ke7 Bf3 73.Rc7 Ra2 74.Kd8 
1-0

[Event "13th Asia-ch"]
[Site "Al-Ain UAE"]
[Date "2015.08.07"]
[Round "6"]
[White "Chu Wei Chao"]
[Black "Rathnakaran, Kantholi"]
[Result "1-0"]
[WhiteElo "2318"]
[BlackElo "2417"]
[EventDate "2015.08.02"]
[PlyCount "85"]

1.d4 Nf6 2.c4 c5 3.d5 e6 4.Nc3 exd5 5.cxd5 d6 6.Nf3 g6 7.Bf4 a6 8.a4 Bg7 
9.h3 O-O 10.e3 Re8 11.Nd2 Nbd7 12.Bxd6 Nb6 13.Bxc5 Nfxd5 14.Bxb6 Nxb6 15.
Nc4 Nxc4 16.Bxc4 Rxe3+ 17.fxe3 Qh4+ 18.g3 Qxg3+ 19.Kd2 Bf5 20.Qe2 Rd8+ 21.
Kc1 Bh6 22.Re1 Rc8 23.Bd5 Re8 24.Nd1 Re5 25.Bb3 Rc5+ 26.Nc3 Re5 27.Nd1 
Rc5+ 28.Nc3 Re5 29.Nd5 Bg5 30.Ra3 h5 31.Qd2 h4 32.Rd1 Bxh3 33.Kb1 Be6 34.
Nf4 Rxe3 35.Bxe6 Rxa3 36.Bxf7+ Kxf7 37.Qd7+ Be7 38.Qe6+ Kg7 39.Nh5+ gxh5 
40.Qxe7+ Kg6 41.Rd6+ Kf5 42.Rf6+ Kg4 43.Qe6+ 1-0

[Event "13th Asia-ch"]
[Site "Al-Ain UAE"]
[Date "2015.08.07"]
[Round "6"]
[White "Isaev, Jamshed"]
[Black "Asgarizadeh, Ahmad"]
[Result "1-0"]
[WhiteElo "2300"]
[BlackElo "2407"]
[EventDate "2015.08.02"]
[PlyCount "113"]

1.e4 e5 2.Nf3 Nc6 3.Bb5 a6 4.Ba4 Nf6 5.O-O Be7 6.Re1 b5 7.Bb3 d6 8.c3 O-O 
9.h3 Na5 10.Bc2 c5 11.d4 Nd7 12.Nbd2 exd4 13.cxd4 Nc6 14.Nf1 Bf6 15.e5 
dxe5 16.Be4 Bb7 17.dxe5 Ndxe5 18.Nxe5 Qxd1 19.Rxd1 Bxe5 20.Rd7 Rab8 21.
Rxb7 Rxb7 22.Bxc6 Rc7 23.Bf3 c4 24.Ne3 Re8 25.Rb1 g6 26.Ng4 Bd4 27.Be3 Bg7
28.Bg5 Re6 29.Bd2 Rd7 30.Bb4 a5 31.Bxa5 Ra7 32.Bc3 Rxa2 33.Ne3 Rea6 34.Re1
Ra1 35.Nd1 Bxc3 36.bxc3 Re6 37.Kf1 b4 38.cxb4 c3 39.Ne3 Ra4 40.Nc2 Raa6 
41.b5 Ra2 42.Rxe6 fxe6 43.Be4 Rb2 44.Bd3 Kf7 45.Ke2 Kf6 46.Ke3 Ke5 47.Nd4 
Kd5 48.Ne2 Rb3 49.f4 Kc5 50.Nd4 Rb2 51.Nc2 Rb1 52.Ke2 Rg1 53.Ne1 h6 54.Kf2
Rh1 55.Bf1 h5 56.g3 h4 57.g4 1-0

[Event "13th Asia-ch"]
[Site "Al-Ain UAE"]
[Date "2015.08.07"]
[Round "6"]
[White "Xu Xiangyu"]
[Black "Nezad, Husein Aziz"]
[Result "1/2-1/2"]
[WhiteElo "2257"]
[BlackElo "2404"]
[EventDate "2015.08.02"]
[PlyCount "55"]

1.e4 e5 2.Bc4 Nc6 3.Nc3 Nf6 4.Nge2 Bc5 5.d3 Na5 6.O-O Nxc4 7.dxc4 d6 8.Qd3
O-O 9.Be3 Bb6 10.Rad1 Be6 11.b3 Nd7 12.Bxb6 axb6 13.a4 Nc5 14.Qg3 f5 15.f4
Qf6 16.exf5 Qxf5 17.fxe5 Qxe5 18.Qxe5 dxe5 19.Ng3 Rxf1+ 20.Nxf1 c6 21.Ne3 
Bf7 22.b4 Na6 23.Rd7 Rb8 24.b5 Nc5 25.Rc7 Ne6 26.Rd7 Nc5 27.Rc7 Ne6 28.Rd7
1/2-1/2